[Event "European Senior Team Championship 2014"]
[Site "Sibenik"]
[Date "2014.04.05"]
[Round "5.13"]
[White "Swoboda, Peter"]
[Black "Dueckstein, Andreas"]
[Result "1-0"]
[WhiteElo "2011"]
[BlackElo "2188"]
[PlyCount "99"]
[EventDate "2014.04.01"]

1. d4 e6 2. c4 Nf6 3. Nc3 Bb4 4. e3 c5 5. Nge2 cxd4 6. exd4 b6 7. a3 Be7 8. Nf4
Bb7 9. Bd3 O-O 10. O-O d5 11. cxd5 Nxd5 12. Ncxd5 exd5 13. Be3 Nd7 14. Rc1 Nf6
15. Bf5 g6 16. Bb1 Bd6 17. Qf3 Re8 18. Ba2 Kg7 19. Qh3 Rc8 20. Rfe1 h5 21. Qh4
Rxc1 22. Rxc1 Re4 23. Bb1 Re8 24. Qg5 Kf8 25. Qh6+ Ke7 26. Nxg6+ fxg6 27. Qg7+
Ke6 28. Qxb7 Re7 29. Qa6 Kf7 30. Qd3 Qg8 31. Bg5 Re6 32. Ba2 Qe8 33. Kf1 Kg7
34. Bxf6+ Rxf6 35. Bxd5 Qd7 36. g3 Bxa3 37. bxa3 Qxd5 38. Rc7+ Rf7 39. Rxf7+
Kxf7 40. f3 Qa2 41. Kg1 Qd5 42. Qe4 Qd6 43. d5 b5 44. Kf2 a5 45. Qd4 Ke8 46.
Qd3 b4 47. axb4 axb4 48. Ke2 h4 49. Qe4+ Qe7 50. d6 1-0

[Event "European Senior Team Championship 2014"]
[Site "Sibenik"]
[Date "2014.04.05"]
[Round "5.13"]
[White "Titz, Herbert"]
[Black "Reinemann, Guenter"]
[Result "1/2-1/2"]
[WhiteElo "1995"]
[BlackElo "1980"]
[PlyCount "86"]
[EventDate "2014.04.01"]

1. e4 e6 2. d4 d5 3. Nd2 dxe4 4. Nxe4 Nd7 5. Nf3 Ngf6 6. Bd3 Nxe4 7. Bxe4 Nf6
8. Bd3 c5 9. c3 cxd4 10. Nxd4 a6 11. Bf4 Nd5 12. Bg3 Bd6 13. O-O Bxg3 14. hxg3
Bd7 15. Re1 O-O 16. Qc2 h6 17. Rad1 Qc7 18. Nf3 Bc6 19. Ne5 Nf6 20. Qe2 Rad8
21. Bc2 b5 22. a4 Ba8 23. axb5 Qb7 24. f3 axb5 25. Rxd8 Rxd8 26. Kh2 Qb6 27.
Bd3 b4 28. c4 g6 29. b3 Kg7 30. Qe3 Qa5 31. g4 Qa2 32. Bf1 Qb2 33. Qa7 Rf8 34.
Qe3 Rd8 35. Qb6 Qd2 36. Re2 Qd1 37. Qa7 Rf8 38. Kg1 Qxb3 39. Qd4 Qc3 40. Qxc3
bxc3 41. Rc2 Rd8 42. Bd3 g5 43. Rxc3 h5 1/2-1/2

[Event "European Senior Team Championship 2014"]
[Site "Sibenik"]
[Date "2014.04.05"]
[Round "5.14"]
[White "Reuben, Stewart"]
[Black "Niebuhr, Gerd"]
[Result "1/2-1/2"]
[WhiteElo "2063"]
[BlackElo "2036"]
[PlyCount "32"]
[EventDate "2014.04.01"]

1. c4 c5 2. Nc3 g6 3. g3 Bg7 4. Bg2 Nc6 5. Nh3 e5 6. f4 d6 7. d3 Nge7 8. O-O
O-O 9. fxe5 dxe5 10. Bg5 h6 11. Be3 Nd4 12. Qd2 Nef5 13. Rad1 Nxe3 14. Qxe3 Be6
15. Nf2 f5 16. Nd5 Rc8 1/2-1/2

[Event "European Senior Team Championship 2014"]
[Site "Sibenik"]
[Date "2014.04.05"]
[Round "5.14"]
[White "Juergens, Peter"]
[Black "Wood, Peter R"]
[Result "1/2-1/2"]
[WhiteElo "2035"]
[BlackElo "1951"]
[PlyCount "57"]
[EventDate "2014.04.01"]

1. d4 e6 2. Nf3 f5 3. Bf4 Nf6 4. e3 d6 5. h3 Be7 6. c4 O-O 7. Be2 b6 8. O-O Ne4
9. Nbd2 Bb7 10. Nxe4 fxe4 11. Nd2 Na6 12. f3 exf3 13. Bxf3 Bxf3 14. Nxf3 Qd7
15. Qd2 c5 16. Rad1 Rac8 17. b3 Rfd8 18. Bg5 h6 19. Bxe7 Qxe7 20. Qb2 Rd7 21.
Rd2 Rcd8 22. Rdf2 Rf8 23. Qb1 Rdd8 24. Qe4 Nc7 25. Nh4 Rxf2 26. Rxf2 Qg5 27.
Nf3 Qe7 28. d5 Rf8 29. dxe6 1/2-1/2

[Event "European Senior Team Championship 2014"]
[Site "Sibenik"]
[Date "2014.04.05"]
[Round "5.14"]
[White "Phillips, William"]
[Black "Hellwege, Werner"]
[Result "1/2-1/2"]
[WhiteElo "1939"]
[BlackElo "2006"]
[PlyCount "49"]
[EventDate "2014.04.01"]

1. e4 c5 2. Nf3 d6 3. Bb5+ Bd7 4. Bxd7+ Nxd7 5. c4 g6 6. O-O Bg7 7. Nc3 Ngf6 8.
d3 O-O 9. Rb1 a6 10. a3 Rb8 11. b4 cxb4 12. axb4 b5 13. cxb5 axb5 14. Qb3 Qc8
15. Bb2 e5 16. Rbc1 Qb7 17. Ra1 Ra8 18. h3 Rfd8 19. Rxa8 Rxa8 20. Ra1 Rxa1+ 21.
Bxa1 Nf8 22. Bb2 Ne6 23. g3 h5 24. Bc1 Qc6 25. Be3 1/2-1/2

[Event "European Senior Team Championship 2014"]
[Site "Sibenik"]
[Date "2014.04.05"]
[Round "5.14"]
[White "Fritsch, Juergen"]
[Black "Scowen, Roger S"]
[Result "1/2-1/2"]
[WhiteElo "1950"]
[BlackElo "1883"]
[PlyCount "115"]
[EventDate "2014.04.01"]

1. d4 d5 2. Nf3 Nf6 3. Bf4 c6 4. e3 Bg4 5. Nbd2 e6 6. h3 Bh5 7. Bd3 Bd6 8. g4
Bg6 9. Bxg6 hxg6 10. Ne5 Qc7 11. Qf3 g5 12. Bg3 Nbd7 13. Nxd7 Qxd7 14. O-O-O
O-O-O 15. Bxd6 Qxd6 16. e4 dxe4 17. Nxe4 Nxe4 18. Qxe4 Qd5 19. Qxd5 Rxd5 20. c4
Rd7 21. Kc2 Rhd8 22. d5 cxd5 23. cxd5 Rxd5 24. Rxd5 Rxd5 25. Re1 Kd7 26. Re3 f6
27. Rb3 Kc6 28. Re3 e5 29. Rb3 b6 30. Re3 a5 31. f3 g6 32. Re1 Rd4 33. Re4 Kd5
34. Re3 a4 35. b3 b5 36. Rc3 f5 37. a3 e4 38. bxa4 bxa4 39. fxe4+ Kxe4 40. Rc6
f4 41. Rxg6 f3 42. Rxg5 f2 43. Rf5 Ke3 44. Rxf2 Kxf2 45. Kc3 Rf4 46. g5 Rf3+
47. Kb4 Rxh3 48. Kxa4 Ke3 49. Kb5 Kd4 50. a4 Rh5 51. a5 Rxg5+ 52. Kb6 Rg6+ 53.
Kb5 Kd5 54. a6 Rg1 55. Kb6 Kd6 56. Kb7 Kd7 57. a7 Rb1+ 58. Ka8 1/2-1/2

[Event "European Senior Team Championship 2014"]
[Site "Sibenik"]
[Date "2014.04.05"]
[Round "5.15"]
[White "Powell, Lloyd"]
[Black "White, Alastair F"]
[Result "1/2-1/2"]
[WhiteElo "2132"]
[BlackElo "2058"]
[PlyCount "29"]
[EventDate "2014.04.01"]

1. d4 d6 2. Nf3 Bg4 3. c4 Bxf3 4. gxf3 e5 5. d5 f5 6. Nc3 Nd7 7. f4 a6 8. Qc2
e4 9. e3 Be7 10. b3 Bf6 11. Bb2 Nh6 12. Be2 O-O 13. Rg1 Qe7 14. Rg2 c5 15. a4
1/2-1/2

[Event "European Senior Team Championship 2014"]
[Site "Sibenik"]
[Date "2014.04.05"]
[Round "5.15"]
[White "Borwell, Alan P"]
[Black "Miles, Richard"]
[Result "1/2-1/2"]
[WhiteElo "2018"]
[BlackElo "2065"]
[PlyCount "37"]
[EventDate "2014.04.01"]

1. e4 c5 2. b3 Nc6 3. Bb2 d6 4. f4 e5 5. Nf3 exf4 6. Bb5 Bd7 7. O-O Nf6 8. Bxc6
Bxc6 9. e5 Bxf3 10. Qxf3 dxe5 11. Qxb7 Rb8 12. Qc6+ Qd7 13. Qxd7+ Nxd7 14. Nc3
c4 15. Kh1 Bd6 16. Ne4 Be7 17. d4 cxd3 18. cxd3 O-O 19. d4 1/2-1/2

[Event "European Senior Team Championship 2014"]
[Site "Sibenik"]
[Date "2014.04.05"]
[Round "5.15"]
[White "Adams, Mark"]
[Black "Mckerracher, Douglas"]
[Result "1-0"]
[WhiteElo "1978"]
[BlackElo "1987"]
[PlyCount "77"]
[EventDate "2014.04.01"]

1. e4 d5 2. exd5 Qxd5 3. Nc3 Qa5 4. d4 Nf6 5. Nf3 Bf5 6. Ne5 c6 7. g4 Be6 8.
Nc4 Bxc4 9. Bxc4 e6 10. Qe2 Nbd7 11. Bd2 Qc7 12. g5 Nd5 13. Nxd5 cxd5 14. Bxd5
Nb6 15. Qb5+ Kd8 16. Be4 Nc4 17. Qxb7 Qxb7 18. Bxb7 Rb8 19. Be4 Nxd2 20. Kxd2
Bd6 21. b3 Bf4+ 22. Kd3 Bxg5 23. c4 Kc7 24. Rad1 Rhd8 25. Kc2 g6 26. Rd3 Be7
27. Rf1 f5 28. Bg2 Rb6 29. Rfd1 Ra6 30. a4 Rb6 31. c5 Rbb8 32. Kc3 a5 33. Re1
Kd7 34. Rde3 Bh4 35. Rxe6 Bxf2 36. Re7+ Kc8 37. R1e6 Rb4 38. d5 Kb8 39. c6 1-0

[Event "European Senior Team Championship 2014"]
[Site "Sibenik"]
[Date "2014.04.05"]
[Round "5.15"]
[White "Marks, Ian A"]
[Black "Gilbert, Colin"]
[Result "1-0"]
[WhiteElo "1985"]
[BlackElo "1780"]
[PlyCount "65"]
[EventDate "2014.04.01"]

1. d4 Nf6 2. Bg5 Ne4 3. Bf4 d5 4. e3 e6 5. Bd3 b6 6. Bxe4 dxe4 7. Ne2 Nd7 8.
Nd2 Nf6 9. Bg5 Bb7 10. O-O h6 11. Bh4 Bd6 12. f3 g5 13. Bg3 exf3 14. Nxf3 Ng4
15. Qd3 h5 16. Qb5+ c6 17. Qxg5 Be7 18. Qf4 f5 19. h3 h4 20. hxg4 hxg3 21. Nxg3
Bd6 22. Ne5 Qh4 23. gxf5 Qh2+ 24. Kf2 c5 25. e4 Rg8 26. Rh1 Qxg3+ 27. Qxg3 Rxg3
28. Kxg3 cxd4 29. Kf4 O-O-O 30. f6 Bb8 31. g4 d3 32. cxd3 Rxd3 33. Rac1+ 1-0

[Event "European Senior Team Championship 2014"]
[Site "Sibenik"]
[Date "2014.04.05"]
[Round "5.16"]
[White "Fernengel, Rudolf"]
[Black "Carlsten, Peter"]
[Result "1/2-1/2"]
[WhiteElo "1786"]
[BlackElo "2039"]
[PlyCount "73"]
[EventDate "2014.04.01"]

1. e4 d6 2. d4 Nf6 3. Nc3 e5 4. dxe5 dxe5 5. Qxd8+ Kxd8 6. Bg5 c6 7. Bc4 Ke8 8.
f3 Nbd7 9. Nge2 h6 10. Be3 Bc5 11. Nd1 b5 12. Bb3 Bxe3 13. Nxe3 Nc5 14. a4 Ke7
15. axb5 Nxb3 16. cxb3 cxb5 17. Nc3 Bd7 18. Ncd5+ Nxd5 19. Nxd5+ Kd8 20. Ke2
Bc6 21. Rhd1 Kc8 22. Ne7+ Kb7 23. Nxc6 Kxc6 24. Rac1+ Kb6 25. Rd7 Rhc8 26. Rc3
Rxc3 27. bxc3 Rc8 28. Kd3 Rc7 29. Rxc7 Kxc7 30. b4 Kb6 31. c4 bxc4+ 32. Kxc4 a6
33. Kb3 Kb5 34. Kc3 f6 35. Kb3 h5 36. Kc3 h4 37. h3 1/2-1/2

[Event "European Senior Team Championship 2014"]
[Site "Sibenik"]
[Date "2014.04.05"]
[Round "5.16"]
[White "Sterner, Johan"]
[Black "Mai, Hartmut"]
[Result "0-1"]
[WhiteElo "2017"]
[BlackElo "1944"]
[PlyCount "84"]
[EventDate "2014.04.01"]

1. d4 d5 2. c4 e6 3. Nc3 Nf6 4. cxd5 exd5 5. Bg5 Be7 6. Qc2 c6 7. e3 Bg4 8. Bd3
Bh5 9. Nge2 Bg6 10. O-O Bxd3 11. Qxd3 O-O 12. f3 Nbd7 13. e4 dxe4 14. fxe4 Nb6
15. Rf3 Nfd7 16. Bf4 c5 17. d5 Bf6 18. Rd1 Ne5 19. Bxe5 Bxe5 20. Rf5 Nd7 21.
Qh3 g6 22. Rf3 Qe7 23. Re1 a6 24. Nf4 b5 25. b3 Rac8 26. a4 b4 27. Nb1 c4 28.
bxc4 Rxc4 29. Nd2 Rc2 30. Nb3 Nc5 31. Nd3 Nxa4 32. Nxe5 Qxe5 33. Na5 Nc5 34.
Nc6 Qb2 35. Ref1 Nxe4 36. Ne7+ Kg7 37. Rxf7+ Rxf7 38. Rxf7+ Kxf7 39. Qe6+ Kf8
40. Qg8+ Kxe7 41. Qxh7+ Kd6 42. Qxg6+ Kxd5 0-1

[Event "European Senior Team Championship 2014"]
[Site "Sibenik"]
[Date "2014.04.05"]
[Round "5.16"]
[White "Baumgarten, Werner"]
[Black "Gustavsson, Sture"]
[Result "0-1"]
[WhiteElo "1932"]
[BlackElo "2005"]
[PlyCount "80"]
[EventDate "2014.04.01"]

1. d4 Nf6 2. c4 g6 3. Nc3 Bg7 4. e4 d6 5. Nf3 O-O 6. Bg5 h6 7. Be3 Ng4 8. Bd3
Nxe3 9. fxe3 e5 10. d5 a5 11. O-O Na6 12. a3 Bd7 13. Bc2 h5 14. Rb1 Bh6 15. Qe2
Nc5 16. b4 axb4 17. axb4 Na4 18. Nxa4 Bxa4 19. Bd3 Bd7 20. h3 Ra3 21. Ra1 Qa8
22. Rxa3 Qxa3 23. b5 Qc5 24. Re1 Ra8 25. Kf2 Ra3 26. Qc2 Qa7 27. Re2 Bxe3+ 28.
Kf1 Ra1+ 29. Ne1 Bf4 30. Qc3 Bg3 31. c5 Bxe1 32. Rxe1 Rxe1+ 33. Kxe1 Qxc5 34.
Qxc5 dxc5 35. Kf2 Kg7 36. Kf3 f5 37. h4 Kf6 38. exf5 Bxf5 39. Bc4 b6 40. g3 Bc2
0-1

[Event "European Senior Team Championship 2014"]
[Site "Sibenik"]
[Date "2014.04.05"]
[Round "5.17"]
[White "Kristiansen, Erling"]
[Black "Grahn, Lars"]
[Result "1/2-1/2"]
[WhiteElo "2189"]
[BlackElo "2000"]
[PlyCount "35"]
[EventDate "2014.04.01"]

1. d4 f5 2. c4 Nf6 3. Nf3 g6 4. g3 Bg7 5. Bg2 O-O 6. O-O d6 7. Nc3 Qe8 8. d5 a5
9. Nd4 Na6 10. Rb1 Bd7 11. b3 c6 12. Na4 c5 13. Ne6 Bxe6 14. dxe6 Rb8 15. Nb6
Qd8 16. Nd5 Nxd5 17. cxd5 b5 18. Qc2 1/2-1/2

[Event "European Senior Team Championship 2014"]
[Site "Sibenik"]
[Date "2014.04.05"]
[Round "5.17"]
[White "Nordenstrom, Sven"]
[Black "Dahl, Ivar M"]
[Result "1/2-1/2"]
[WhiteElo "1993"]
[BlackElo "2170"]
[PlyCount "32"]
[EventDate "2014.04.01"]

1. d4 e6 2. c4 Nf6 3. Nf3 Bb4+ 4. Bd2 Qe7 5. a3 Bxd2+ 6. Qxd2 O-O 7. Nc3 d6 8.
e3 b6 9. Be2 c5 10. d5 exd5 11. Nxd5 Nxd5 12. cxd5 Bf5 13. O-O Nd7 14. Bd3 Bxd3
15. Qxd3 Ne5 16. Nxe5 Qxe5 1/2-1/2

[Event "European Senior Team Championship 2014"]
[Site "Sibenik"]
[Date "2014.04.05"]
[Round "5.17"]
[White "Mundal, Arnold"]
[Black "Sandklef, Ake"]
[Result "1/2-1/2"]
[WhiteElo "1937"]
[BlackElo "1948"]
[PlyCount "97"]
[EventDate "2014.04.01"]

1. Nf3 Nf6 2. d4 d5 3. Bg5 Nbd7 4. c4 c6 5. Nc3 e6 6. e3 Qa5 7. Nd2 Be7 8. h4
Qd8 9. Bd3 b6 10. Qe2 Bb7 11. cxd5 cxd5 12. Rc1 Rc8 13. O-O O-O 14. Nb5 a6 15.
Nc3 b5 16. a3 Re8 17. b4 Nb6 18. Nb3 Nc4 19. Bxc4 dxc4 20. Nc5 Qb6 21. Bxf6
Bxf6 22. Nd7 Qd8 23. Nxf6+ Qxf6 24. Qg4 Rcd8 25. a4 Bc6 26. axb5 axb5 27. Qg5
Qxg5 28. hxg5 Kf8 29. Ra1 Ra8 30. f3 Red8 31. f4 Ke7 32. Kf2 f5 33. Rh1 Rxa1
34. Rxa1 Kd6 35. Ra7 Rd7 36. Rxd7+ Kxd7 37. Kg3 Ke7 38. Kh3 h5 39. gxh6 gxh6
40. Kh4 Kf6 41. g3 Kg6 42. Na2 Be8 43. Nc3 Kf6 44. Ne2 Ke7 45. Nc3 Kd6 46. g4
Kc6 47. g5 h5 48. Kg3 Kd6 49. Kf3 1/2-1/2

[Event "European Senior Team Championship 2014"]
[Site "Sibenik"]
[Date "2014.04.05"]
[Round "5.17"]
[White "Johansson, Per"]
[Black "Lerstad, Bjorn"]
[Result "0-1"]
[WhiteElo "1945"]
[BlackElo "1914"]
[PlyCount "42"]
[EventDate "2014.04.01"]

1. d4 e6 2. c4 Nf6 3. Nf3 b6 4. g3 Bb7 5. Bg2 Be7 6. Nc3 d6 7. O-O Nbd7 8. Qc2
e5 9. dxe5 Nxe5 10. Nxe5 Bxg2 11. Nxf7 Kxf7 12. Kxg2 Re8 13. Nd5 Kg8 14. b3 c6
15. Nxf6+ Bxf6 16. Bb2 Re6 17. Rad1 Bxb2 18. Qxb2 Qe7 19. e3 Rf8 20. Rd4 Qf6
21. Qe2 Qxd4 0-1

[Event "European Senior Team Championship 2014"]
[Site "Sibenik"]
[Date "2014.04.05"]
[Round "5.18"]
[White "Lahti, Jouko"]
[Black "Vehkalahti, Veli"]
[Result "1/2-1/2"]
[WhiteElo "2046"]
[BlackElo "1972"]
[PlyCount "47"]
[EventDate "2014.04.01"]

1. e4 e6 2. d3 d5 3. Nd2 c5 4. Ngf3 Nc6 5. g3 Bd6 6. Bg2 Nge7 7. O-O O-O 8. c3
b6 9. exd5 exd5 10. Re1 Bg4 11. Nf1 Qd7 12. Ne3 Bh5 13. Qb3 Na5 14. Qc2 Rac8
15. Ng5 d4 16. Nc4 Nxc4 17. dxc4 Bg6 18. Be4 f5 19. Bd3 Nc6 20. h4 Ne5 21. f4
Nxd3 22. Qxd3 h6 23. Nh3 Bc7 24. Nf2 1/2-1/2

[Event "European Senior Team Championship 2014"]
[Site "Sibenik"]
[Date "2014.04.05"]
[Round "5.18"]
[White "Leukkunen, Raimo"]
[Black "Patola, Eero"]
[Result "1-0"]
[WhiteElo "1881"]
[BlackElo "1868"]
[PlyCount "67"]
[EventDate "2014.04.01"]

1. b4 e5 2. Bb2 d5 3. Bxe5 Nc6 4. Bb2 Nxb4 5. a3 Nc6 6. Nf3 Nf6 7. e3 a6 8. c4
Be6 9. cxd5 Bxd5 10. Nc3 Be7 11. Nxd5 Qxd5 12. Qc2 h6 13. Bc4 Qd7 14. Rc1 O-O
15. O-O Rfd8 16. d4 Qg4 17. h3 Qh5 18. Ba2 Bd6 19. e4 Bf4 20. Rcd1 Rac8 21. e5
Nh7 22. Bb1 Nf8 23. Qe4 Bg5 24. d5 Nb8 25. h4 Be7 26. g4 Qg6 27. Qf4 Qb6 28.
Bd4 Bc5 29. e6 fxe6 30. Bxc5 Qxc5 31. dxe6 Qe7 32. Ba2 Nc6 33. Rd7 Nxe6 34.
Rxe7 1-0

[Event "European Senior Team Championship 2014"]
[Site "Sibenik"]
[Date "2014.04.06"]
[Round "6.1"]
[White "Dvoirys, Semen I"]
[Black "Ftacnik, Lubomir"]
[Result "1-0"]
[WhiteElo "2560"]
[BlackElo "2563"]
[PlyCount "113"]
[EventDate "2014.04.01"]

1. e4 c5 2. Nf3 d6 3. d4 cxd4 4. Nxd4 Nf6 5. Nc3 a6 6. Be2 e6 7. O-O Be7 8. f4
O-O 9. Qe1 Nc6 10. Be3 Nxd4 11. Bxd4 b5 12. Bf3 Bb7 13. a3 Nd7 14. Rd1 Qc7 15.
Kh1 e5 16. Be3 exf4 17. Bxf4 Rad8 18. Qg3 Ne5 19. Bh5 Kh8 20. Be3 g6 21. Be2 f5
22. exf5 gxf5 23. Qh3 Rg8 24. Rf2 Rdf8 25. Bd4 Bf6 26. Rdf1 Qg7 27. Nd1 Ng4 28.
Rxf5 Bxd4 29. Rxf8 Rxf8 30. Rxf8+ Qxf8 31. Qxg4 Be5 32. Bf3 Qh6 33. g3 Qf8 34.
Kg2 Bc8 35. Qh4 Bf5 36. Be4 d5 37. Bxf5 Qxf5 38. Ne3 Qe6 39. c3 Bf6 40. Qf4 a5
41. Kf3 Qc6 42. Kf2 d4 43. cxd4 Kg7 44. Ke2 h5 45. Qf3 Qe8 46. Kd3 Bg5 47. Nf5+
Kh8 48. Qb7 Bf6 49. Qb6 Qg6 50. Qxb5 a4 51. Qb8+ Kh7 52. Qb7+ Kh8 53. Qe4 Qg8
54. Qc6 Qg6 55. Qa8+ Kh7 56. Qe4 Kh8 57. Nd6 1-0

[Event "European Senior Team Championship 2014"]
[Site "Sibenik"]
[Date "2014.04.06"]
[Round "6.1"]
[White "Stohl, Igor"]
[Black "Gleizerov, Evgeny"]
[Result "1/2-1/2"]
[WhiteElo "2516"]
[BlackElo "2531"]
[PlyCount "23"]
[EventDate "2014.04.01"]

1. Nf3 e6 2. c4 f5 3. g3 Nf6 4. Bg2 Be7 5. O-O O-O 6. Nc3 c6 7. d3 d6 8. b4 Na6
9. b5 cxb5 10. Nxb5 Nc5 11. Nfd4 a6 12. Nc3 1/2-1/2

[Event "European Senior Team Championship 2014"]
[Site "Sibenik"]
[Date "2014.04.06"]
[Round "6.1"]
[White "Gavrilov, Alexei"]
[Black "Plachetka, Jan"]
[Result "1-0"]
[WhiteElo "2466"]
[BlackElo "2360"]
[PlyCount "137"]
[EventDate "2014.04.01"]

1. d4 Nf6 2. c4 e6 3. Nf3 d5 4. Nc3 Nbd7 5. cxd5 exd5 6. Bg5 Be7 7. e3 c6 8.
Bd3 O-O 9. Qc2 Re8 10. O-O Nf8 11. h3 Ng6 12. Bxf6 Bxf6 13. b4 a6 14. a4 Be7
15. b5 a5 16. Rfc1 Bd6 17. bxc6 bxc6 18. Ne2 Re6 19. Kf1 Bb4 20. Ng3 Rf6 21.
Bf5 Ba6+ 22. Kg1 Nf8 23. Ne5 g6 24. Bd3 Bb7 25. Rab1 Re6 26. Be2 c5 27. Nd3
cxd4 28. Nxb4 axb4 29. Rxb4 Qe7 30. Rxd4 Rxe3 31. Qb2 Re5 32. Rb4 Rc8 33. Rxc8
Bxc8 34. Rb8 Bd7 35. a5 d4 36. a6 Qc5 37. Qb4 Qxb4 38. Rxb4 Ra5 39. Rxd4 Kg7
40. Rd6 Be6 41. Ne4 Nd7 42. Kh2 Kf8 43. Rc6 Ke7 44. Nc3 Kd8 45. g4 Nb8 46. Rb6
Nd7 47. Rb7 Nc5 48. Rb5 Rxb5 49. Bxb5 Kc7 50. Kg3 g5 51. Kf3 Kb6 52. Ke3 f5 53.
Be2 fxg4 54. hxg4 Nxa6 55. Ne4 Nc5 56. Nxg5 Bg8 57. Ne4 Nd7 58. g5 Kc7 59. Bb5
Ba2 60. Bxd7 Kxd7 61. Nf6+ Ke6 62. Nxh7 Bb1 63. Nf6 Kf5 64. f4 Bc2 65. Kf3 Bd1+
66. Kg3 Bb3 67. Ng4 Ba2 68. Nh6+ Kg6 69. Kg4 1-0

[Event "European Senior Team Championship 2014"]
[Site "Sibenik"]
[Date "2014.04.06"]
[Round "6.1"]
[White "Petran, Peter"]
[Black "Balashov, Yuri S"]
[Result "1/2-1/2"]
[WhiteElo "2316"]
[BlackElo "2446"]
[PlyCount "128"]
[EventDate "2014.04.01"]

1. g3 e5 2. Bg2 Nc6 3. d3 g6 4. c4 Bg7 5. Nc3 d6 6. e4 Nge7 7. Nge2 O-O 8. O-O
Be6 9. Rb1 f5 10. exf5 gxf5 11. f4 Qd7 12. Bd2 Rae8 13. Nd5 Bf7 14. Nxe7+ Nxe7
15. Qc2 c6 16. Rbe1 Kh8 17. Bc3 c5 18. a3 Nc6 19. b4 Nd4 20. Nxd4 cxd4 21. Bd2
Rc8 22. fxe5 dxe5 23. c5 Bd5 24. Qd1 Rce8 25. Bxd5 Qxd5 26. Qh5 Qe6 27. Qe2 e4
28. Bf4 Qg6 29. Qc2 Qe6 30. Rc1 Be5 31. Qc4 Bxf4 32. Rxf4 Qxc4 33. Rxc4 Rd8 34.
dxe4 d3 35. Rc1 fxe4 36. Rxe4 d2 37. Rd1 Rf3 38. Re2 Rfd3 39. Kf1 R8d7 40. Re8+
Kg7 41. Ke2 Kf7 42. Re3 R3d4 43. b5 Rc4 44. c6 bxc6 45. bxc6 Rxc6 46. Rxd2 Rdc7
47. g4 h5 48. gxh5 Rc5 49. Rh3 Kg7 50. h6+ Kh7 51. Rhd3 Kxh6 52. Rd6+ Kg5 53.
R2d5+ Rxd5 54. Rxd5+ Kf4 55. Kd3 Rc1 56. a4 Rh1 57. Kc4 Rxh2 58. Kb5 Rh6 59.
Rd7 a6+ 60. Ka5 Ke5 61. Rb7 Kd5 62. Ra7 Rc6 63. Rxa6 Rxa6+ 64. Kxa6 Kc6 1/2-1/2

[Event "European Senior Team Championship 2014"]
[Site "Sibenik"]
[Date "2014.04.06"]
[Round "6.2"]
[White "Pushkov, Nikolai"]
[Black "Rukavina, Josip"]
[Result "1/2-1/2"]
[WhiteElo "2345"]
[BlackElo "2405"]
[PlyCount "76"]
[EventDate "2014.04.01"]

1. d4 g6 2. e4 Bg7 3. Nc3 d6 4. Nf3 Nf6 5. Be2 O-O 6. O-O Bg4 7. Be3 Nc6 8. d5
Nb8 9. Nd4 Bxe2 10. Qxe2 c6 11. f3 Qc7 12. Qd2 Nbd7 13. dxc6 bxc6 14. a4 Qb7
15. Rfd1 Ne5 16. b3 Rfd8 17. a5 a6 18. Na4 Rab8 19. Nb6 Ned7 20. Ne2 c5 21. Nc4
Ne8 22. Rab1 Nc7 23. Bg5 Re8 24. Bh6 Bh8 25. Bf4 Nb5 26. Kh1 Rbd8 27. Ne3 Qc8
28. Nc4 Qc7 29. Qe1 Nb8 30. c3 Nc6 31. Ra1 Qb7 32. Ra2 Bf6 33. Ne3 Nc7 34. Rb1
Ne5 35. Bxe5 Bxe5 36. c4 Rb8 37. Qd2 Bg7 38. Qd3 Qc6 1/2-1/2

[Event "European Senior Team Championship 2014"]
[Site "Sibenik"]
[Date "2014.04.06"]
[Round "6.2"]
[White "Rogulj, Branko"]
[Black "Chernikov, Oleg L"]
[Result "1/2-1/2"]
[WhiteElo "2421"]
[BlackElo "2372"]
[PlyCount "28"]
[EventDate "2014.04.01"]

1. e4 c5 2. Nc3 Nc6 3. Bb5 g6 4. Bxc6 dxc6 5. d3 Bg7 6. Be3 b6 7. Qd2 e5 8.
Nge2 Be6 9. O-O Qe7 10. a3 Nf6 11. Bh6 O-O 12. Bxg7 Kxg7 13. h3 Rad8 14. Qe3
Ne8 1/2-1/2

[Event "European Senior Team Championship 2014"]
[Site "Sibenik"]
[Date "2014.04.06"]
[Round "6.2"]
[White "Kremenietsky, Anatoly M"]
[Black "Sale, Srdjan"]
[Result "0-1"]
[WhiteElo "2332"]
[BlackElo "2402"]
[PlyCount "74"]
[EventDate "2014.04.01"]

1. d4 Nf6 2. Nf3 g6 3. c4 Bg7 4. Nc3 O-O 5. e4 d6 6. Be2 c6 7. O-O Na6 8. h3 e5
9. Re1 exd4 10. Nxd4 Re8 11. Bf1 Nc5 12. Bg5 h6 13. Bxf6 Bxf6 14. Qd2 Qb6 15.
Rad1 Kg7 16. Qc2 Be6 17. Nb3 Rad8 18. Nxc5 Qxc5 19. Na4 Qa5 20. a3 b5 21. cxb5
cxb5 22. Nc3 a6 23. Nd5 Bxd5 24. b4 Qxa3 25. Rxd5 Qxb4 26. Re3 Rc8 27. Qd1 Rxe4
28. Rxe4 Qxe4 29. Rxd6 Rc6 30. Rd7 Qe6 31. Rb7 Rd6 32. Qe2 Qc8 33. Qf3 Qc2 34.
g3 Qa2 35. h4 Bd4 36. Qf4 h5 37. Be2 Qa1+ 0-1

[Event "European Senior Team Championship 2014"]
[Site "Sibenik"]
[Date "2014.04.06"]
[Round "6.3"]
[White "Dizdarevic, Emir"]
[Black "Brinck-Claussen, Bjorn"]
[Result "1-0"]
[WhiteElo "2503"]
[BlackElo "2240"]
[PlyCount "53"]
[EventDate "2014.04.01"]

1. Nf3 Nf6 2. g3 g6 3. b3 d6 4. d4 Bg7 5. Bg2 c5 6. O-O cxd4 7. Nxd4 d5 8. c4
dxc4 9. bxc4 O-O 10. Nc3 a6 11. Rb1 Ng4 12. e3 Ne5 13. Qb3 Nbc6 14. Nd5 Nxd4
15. exd4 Nc6 16. Ba3 Re8 17. Qb6 Bxd4 18. Qxd8 Rxd8 19. Nxe7+ Nxe7 20. Bxe7 Re8
21. Bd6 Be6 22. Rfd1 Bf6 23. Bxb7 Bf5 24. Bxa8 Bxb1 25. Rxb1 Rxa8 26. c5 Rc8
27. c6 1-0

[Event "European Senior Team Championship 2014"]
[Site "Sibenik"]
[Date "2014.04.06"]
[Round "6.3"]
[White "Sorensen, Bent"]
[Black "Vukic, Milan"]
[Result "1/2-1/2"]
[WhiteElo "2262"]
[BlackElo "2386"]
[PlyCount "73"]
[EventDate "2014.04.01"]

1. Nf3 Nf6 2. g3 d6 3. d4 Nbd7 4. Bg2 c6 5. O-O e5 6. c4 Be7 7. Nc3 e4 8. Ne1
d5 9. Nc2 O-O 10. b4 a5 11. b5 cxb5 12. cxd5 b4 13. Nxe4 Nxd5 14. Bb2 N7b6 15.
Rc1 Na4 16. Ba1 f5 17. Nc5 Bxc5 18. Bxd5+ Qxd5 19. Ne3 Qxa2 20. dxc5 Be6 21.
Qd4 Rf7 22. c6 bxc6 23. Rxc6 f4 24. gxf4 Bh3 25. Qe4 Rd8 26. Re1 Bc8 27. Qe5
Nc3 28. Bxc3 bxc3 29. Qxc3 Bh3 30. Nc4 Bd7 31. Rc5 Rxf4 32. Ne5 Be8 33. Rxa5
Qe6 34. e3 Re4 35. f4 Rxe5 36. Rxe5 Qg4+ 37. Kf2 1/2-1/2

[Event "European Senior Team Championship 2014"]
[Site "Sibenik"]
[Date "2014.04.06"]
[Round "6.5"]
[White "Fauland, Alexander"]
[Black "Stebbings, Anthony J"]
[Result "0-1"]
[WhiteElo "2417"]
[BlackElo "2302"]
[PlyCount "64"]
[EventDate "2014.04.01"]

1. Nf3 c5 2. g3 Nc6 3. Bg2 g6 4. O-O Bg7 5. d3 e6 6. c3 Nge7 7. a3 O-O 8. Qa4
b6 9. b4 Bb7 10. Bb2 d6 11. Nbd2 Qd7 12. Rab1 Rfd8 13. Rfc1 Nd4 14. Qxd7 Nxf3+
15. Nxf3 Rxd7 16. c4 Rc8 17. Rc2 Bxb2 18. Rcxb2 f6 19. Bh3 Kf7 20. Nd2 d5 21.
bxc5 dxc4 22. Nxc4 Rxc5 23. Nxb6 axb6 24. Rxb6 Bd5 25. e4 Bc6 26. Bf1 Ra7 27.
R1b3 Rca5 28. f3 Rxa3 29. Kf2 Rxb3 30. Rxb3 Ra2+ 31. Be2 Ba4 32. Rb1 Bc2 0-1